Statistics for Top 25 Trading Partners - Egypt

Click here to take the quiz!

General Stats

  • This quiz has been taken 31 times
  • The average score is 43 of 50

Answer Stats

HintAnswer% Correct
11th Place: 892France
97%
15th Place: 1,631France
97%
23rd Place: 399Sudan
97%
6th Place: 1,345United Kingdom
97%
14th Place: 1,683United Kingdom
97%
4th Place: 1,728United States of America
97%
3rd Place: 5,464United States of America
97%
1st Place: 11,517China
94%
9th Place: 1,040China
94%
8th Place: 1,152India
94%
10th Place: 2,299India
94%
19th Place: 481Iraq
94%
19th Place: 1,218Iraq
94%
6th Place: 3,510Italy
94%
1st Place: 2,052Italy
94%
14th Place: 637Libya
94%
2nd Place: 5,671Saudi Arabia
94%
5th Place: 1,438Saudi Arabia
94%
13th Place: 1,763South Korea
94%
7th Place: 1,287Spain
94%
12th Place: 2,191Spain
94%
10th Place: 984Algeria
90%
5th Place: 4,145Germany
90%
12th Place: 668Germany
90%
21st Place: 408Greece
90%
22nd Place: 1,010Greece
90%
18th Place: 1,231Japan
90%
2nd Place: 2,015Turkey
90%
7th Place: 3,317Turkey
90%
20th Place: 1,175Indonesia
87%
13th Place: 638Jordan
87%
17th Place: 502Morocco
87%
17th Place: 1,352Netherlands
87%
16th Place: 523Netherlands
87%
18th Place: 500Tunisia
87%
3rd Place: 1,987United Arab Emirates
87%
16th Place: 1,379United Arab Emirates
87%
8th Place: 3,088Brazil
84%
4th Place: 4,860Russia
81%
22nd Place: 406Russia
81%
25th Place: 329Belgium
77%
21st Place: 1,113Belgium
77%
23rd Place: 986Switzerland
74%
24th Place: 975Thailand
71%
15th Place: 531Lebanon
68%
24th Place: 352Kenya
65%
9th Place: 2,305Kuwait
65%
11th Place: 2,246Ukraine
61%
25th Place: 968Argentina
55%
20th Place: 475Malta
32%

Score Distribution

Percentile by Number Answered

Percent of People with Each Score

Your Score History

You have not taken this quiz